|
|
|
|
| LEADER |
00000nam a2200000 a 4500 |
| 001 |
vtls001272106 |
| 003 |
SK-MaSNL |
| 005 |
20260302032407.0 |
| 008 |
180129s1828 rm 0 lat |
| 035 |
|
|
|a SNK000223235
|
| 040 |
|
|
|a SNK
|b slo
|c SNK
|e AACR2
|
| 041 |
0 |
|
|a lat
|
| 044 |
|
|
|a rm
|c RO
|
| 072 |
|
7 |
|a 808
|x Literárny štýl. Literárna činnosť a technika. Efektívne využívanie jazyka. Spisovateľská činnosť
|2 konspekt
|
| 080 |
|
|
|a 808.5-055.1
|2 2011
|
| 130 |
0 |
|
|a Justa
|9 382021
|
| 245 |
1 |
|
|a Justa Clarissimo Domino Adamo Benka Theologiae, Philosophiae, et Eloquentiae District. Evang. Aug. Con. Gymnasii Mezö - Berényiensis Professori Anno quo InCLyta PetropoLIs TViCInas DIs. CVtIt arCes InsIgnI LVget prIVa DoCente sChoLa. Die 20. Februarii ab ejate Juventute pie persoluta.
|
| 260 |
|
|
|a Aradini
|b Typis Josephi Klapka
|c 1828
|
| 300 |
|
|
|a [18] s.
|c 19 cm
|
| 500 |
|
|
|a Rok tlače v tvare chronogramu: InCLyta PetropoLIs TViCInas DIs. CVtIt arCes InsIgnI LVget prIVa DoCente sChoLa
|
| 505 |
2 |
|
|a Wodár, Josephus . Emblema Genealogicum
|
| 505 |
2 |
|
|a Fetter, Tobias. Alles schwindet auf der Erde,...
|
| 505 |
2 |
|
|a Olajos, János. Gyászos Uri Rendek!
|
| 600 |
1 |
4 |
|a Benka, Adam
|9 681350
|
| 650 |
0 |
7 |
|a príležitostné tlače
|2 SNKPH
|9 88198
|
| 700 |
1 |
|
|a Klapka, Josephus
|4 prt
|9 681351
|
| 752 |
|
|
|a Rumunsko
|d Oradea
|
| 852 |
|
|
|a Slovenská národná knižnica
|b Historické fondy
|p SD 53120
|
| 958 |
|
|
|a DF
|
| 958 |
|
|
|a ONDV
|
| 999 |
|
|
|c 1056413
|d 1058343
|
| 952 |
|
|
|a SNK
|b SNK
|y PREZ
|7 0
|p 17A0948812
|o snkSD 53120
|i snkK 2190/66
|8 3
|0 0
|1 0
|4 0
|d 1997-01-16
|l 0
|r 2005-01-01 00:00:00
|w 2026-02-24
|